Statistics for The Sound of Music Trivia

Click here to take the quiz!

General Stats

  • This quiz has been taken 848 times
  • The average score is 6 of 15

Answer Stats

HintAnswer% Correct
What were the children's play clothes made out of?Curtains
93%
What is the name of Austria's national flower that Captain Von Trapp sings a song about?Edelweiss
80%
What is the name of the children's uncle?Max
75%
Which Von Trapp child does Maria forget during her prayer in her room?Kurt
72%
What Von Trapp child can play the guitar?Liesl
70%
Who wants a pink parasol for her seventh birthday?Marta
62%
Who is 17 going on 18 and a telegram delivery boy?Rolf
60%
What is Captain Von Trapp's first name?Georg
54%
The previous governess only stayed for a very short amount of time. How long did she stay?2 hours
23%
All Maria's clothes were given to the poor when she entered the Abbey except the one she was wearing. What was the reason?"The poor didn't want this one."
16%
In the song "So Long, Farewell" Liesl would like to stay at the party, but why?To taste her first champagne
16%
What is the name of the Abbey in Salzburg?Nonnberg Abbey
4%
Gretl asks Uncle Max why she is always listed last of all the children. What reason does Uncle Max give?Because she is most important
1%
Where do the family hide from the Nazis towards the end of the movie?Behind the grave stones in the Abbey
1%
How do the family eventually escape Austria?Walking over the mountains
1%

Score Distribution

Percentile by Number Answered

Percent of People with Each Score

Your Score History

You have not taken this quiz